Nákladná letecká doprava a jej postavenie v medzinárodnom obchode bakalárska práca

Enregistré dans:
Détails bibliographiques
Auteur principal: Bebjak, Marián
Collectivité auteur: Obchodná fakulta EU. Katedra medzinárodného obchodu
Autres auteurs: Lazový, Pavol
Format: Livre
Langue:slovaque
Publié: Bratislava 2009
Tags: Ajouter un tag
Pas de tags, Soyez le premier à ajouter un tag!

MARC

LEADER 00000nam$a2200000$$$4500
001 0103131
005 20240318133725.8
041 0 |a slo 
044 |a SK 
245 1 0 |a Nákladná letecká doprava a jej postavenie v medzinárodnom obchode  |b bakalárska práca  |c Marián Bebjak ; škol. Pavol Lazový 
264 1 |a Bratislava  |c 2009 
300 |a 46 s. 
100 1 |a Bebjak, Marián 
700 1 |a Lazový, Pavol 
710 2 |a Obchodná fakulta EU. Katedra medzinárodného obchodu